000 00652nam a2200181Ia 4500
008 100921s9999 xx 000 0 und d
082 _b18324
_a808 थ 26
100 _aराजवाडे विश्वनाथ काशिनाथ.
245 _aमराठी छंद.
260 _bविश्वनाथ गणेश आणि मंडळी,पुणे.
_c1926
300 _a36
_b---
365 _b0
520 _aललित- अलंकार,छंद, इ.
630 _aमराठी छंद.
650 _aललित- अलंकार,छंद, इ.
730 _aमराठी छंद.
942 _cBOOK
999 _c767437
_d767434